|
|
|
|
| LEADER |
01232nam a2200337 4500 |
| 001 |
000009575 |
| 003 |
5772 |
| 005 |
20111031081030.0 |
| 008 |
111028s2001 viesd |
| 020 |
|
|
|c 24000đ
|
| 041 |
0 |
|
|a vie
|
| 082 |
|
|
|a 428.24
|b SW-M
|
| 100 |
1 |
|
|a Michael Swan
|
| 245 |
|
0 |
|a Basic English Usage
|c Michael Swan, Tổng hợp và biên dịch: Lê Hiền Thảo (M.A), Nguyễn Văn Phước (M.S), Ban biên dịch First News
|
| 260 |
|
|
|a Tp. Hồ Chí Minh
|b Thống kê
|c 2001
|
| 300 |
|
|
|a 290tr.
|c 21cm
|
| 500 |
|
|
|a Ngữ pháp tiếng anh thực hành 2001 edition
|
| 653 |
|
|
|a English
|
| 653 |
|
|
|a basic English
|
| 700 |
|
|
|a Lê Hiền Thảo
|e Tổng hợp và biên dịch
|
| 700 |
|
|
|a Nguyễn Văn Phước
|e Tổng hợp và biên dịch
|
| OWN |
|
|
|a LSP
|
| AVA |
|
|
|a UDN50
|b LSP
|d 428.24 SW-M
|e available
|t Error 5001 Not defined in file expand_doc_bib_avail.
|f 4
|g 0
|h N
|i 1
|k 1
|
| 999 |
|
|
|a From the UDN01
|
| AVA |
|
|
|a UDN50
|b LSP
|d 428.24 SW-M
|e available
|t Error 5001 Not defined in file expand_doc_bib_avail.
|f 4
|g 0
|h N
|i 1
|k 1
|
| TYP |
|
|
|a Monograph
|
| TYP |
|
|
|a Printed language
|
| 980 |
|
|
|a Mạng thư viện Đại học Đà Nẵng
|